Avatar: The Last Airbender Characters by Picture - Statistics

General Stats
  • This quiz has been taken 120 times
  • The average score is 11 of 12
Answer Stats
Picture Answer % Correct
Aang
100%
Katara
98%
Zuko
97%
Appa
96%
Toph
96%
Sokka
95%
Iroh
94%
Momo
93%
Azula
90%
Ozai
85%
Mai
79%
Ty Lee
77%
No matching quizzes found
Score Distribution
Percent of People with Each Score
Percentile by Number Answered
Your Score History
You have not taken this quiz